[Event "CAN-ch"]
[Site "Toronto CAN"]
[Date "1978.08.05"]
[Round "1"]
[White "Nickoloff, Bryon"]
[Black "Lipnowski, Irwin"]
[Result "1-0"]
[WhiteElo "2280"]
[BlackElo "2390"]
[PlyCount "75"]
[EventDate "1978.??.??"]
[EventType "tourn"]
[EventRounds "15"]
[EventCountry "CAN"]

1. Nf3 Nf6 2. g3 b6 3. Bg2 Bb7 4. O-O e6 5. c4 Be7 6. b3 O-O 7. Bb2 c5 8. e3 d5
9. d3 Nc6 10. Qe2 Qc7 11. Nc3 Rad8 12. Rfd1 Qb8 13. Rac1 Rfe8 14. Qf1 dxc4 15.
bxc4 Rd7 16. Ne1 Red8 17. f4 Nb4 18. Bh3 g6 19. a3 Nc6 20. Rc2 Bf8 21. Rf2 Bg7
22. g4 h5 23. gxh5 Nxh5 24. Bg4 Nf6 25. Be2 Ne7 26. e4 Ne8 27. Qh3 Bd4 28. Nf3
Bxf2+ 29. Kxf2 Ng7 30. Nb5 Nc6 31. Qh4 Nd4 32. Ng5 Nh5 33. Bxh5 gxh5 34. Rg1 f6
35. Nxe6+ Kf7 36. Bxd4 cxd4 37. Rg7+ Kxe6 38. Qh3+ 1-0

[Event "CAN-ch"]
[Site "Toronto CAN"]
[Date "1978.08.06"]
[Round "2"]
[White "Piasetski, Leon"]
[Black "Nickoloff, Bryon"]
[Result "0-1"]
[WhiteElo "2410"]
[BlackElo "2280"]
[PlyCount "80"]
[EventDate "1978.??.??"]
[EventType "tourn"]
[EventRounds "15"]
[EventCountry "CAN"]

1. c4 Nf6 2. Nc3 e6 3. e4 c5 4. e5 Ng8 5. Nf3 Nc6 6. d4 cxd4 7. Nxd4 Nxe5 8.
Ndb5 a6 9. Nd6+ Bxd6 10. Qxd6 f6 11. b3 Ne7 12. Ba3 Nf5 13. Qd2 b5 14. cxb5 Qa5
15. Na4 axb5 16. Qxa5 Rxa5 17. Bb4 Ra8 18. Nc3 Ba6 19. O-O-O Nc6 20. Bc5 b4 21.
Na4 Bxf1 22. Rhxf1 Ra5 23. Rfe1 Nfe7 24. f4 g6 25. Rd2 Rb5 26. g3 Rg8 27. Bf2
Rd5 28. Rc2 Kf7 29. Nb6 Rd3 30. Rc5 Rb8 31. Rc4 Rb7 32. Bg1 Ra7 33. Na4 Ra5 34.
Nc5 Rd5 35. Rc2 Nf5 36. Nxe6 dxe6 37. Rxc6 Rxa2 38. Rc7+ Ne7 39. Kb1 Rda5 40.
Rec1 Ra1+ 0-1

[Event "CAN-ch"]
[Site "Toronto CAN"]
[Date "1978.08.07"]
[Round "3"]
[White "Nickoloff, Bryon"]
[Black "Coudari, Camille"]
[Result "1/2-1/2"]
[WhiteElo "2280"]
[BlackElo "2285"]
[PlyCount "140"]
[EventDate "1978.??.??"]
[EventType "tourn"]
[EventRounds "15"]
[EventCountry "CAN"]

1. Nf3 d6 2. d4 Nf6 3. c4 g6 4. Nc3 Bg7 5. e4 O-O 6. Be2 e5 7. O-O Nc6 8. d5
Ne7 9. Ne1 Nd7 10. Nd3 f5 11. f3 Kh8 12. Bd2 Ng8 13. Rc1 Qe7 14. Nb5 Ndf6 15.
Nf2 a6 16. Na3 Nh5 17. g3 f4 18. g4 Nhf6 19. h3 h5 20. Kg2 Ne8 21. Be1 Bf6 22.
c5 Nh6 23. cxd6 cxd6 24. Nc4 Rb8 25. Nb6 Bd7 26. Qb3 Rd8 27. Nd1 Bh4 28. Qb4
Qg5 29. Bxh4 Qxh4 30. Qe1 Qe7 31. Rg1 Rf7 32. Kf1 hxg4 33. hxg4 Rh7 34. Kg2 Ng8
35. Rh1 Ngf6 36. Nf2 Rxh1 37. Qxh1+ Nh7 38. Bd1 Kg7 39. Bb3 Rb8 40. Qh3 Qd8 41.
Rh1 Nf8 42. Nxd7 Qxd7 43. Qh6+ Kf7 44. Nh3 Nf6 45. Ng5+ Ke8 46. Ne6 N6h7 47.
Ng7+ Kf7 48. Ne6 Ke8 49. Qh4 Rc8 50. Qf2 Qb5 51. Qd2 Ke7 52. Re1 Qb6 53. Rh1
Qb5 54. Qf2 Ke8 55. Re1 Ke7 56. Qh4+ Ke8 57. Qh6 Qb4 58. Re2 Qb5 59. Rf2 Qd7
60. Qh4 Rc1 61. Re2 Qe7 62. Qf2 Nd7 63. Re1 Rxe1 64. Qxe1 Nc5 65. Qh1 Nf8 66.
Qh8 Ncd7 67. Ba4 b5 68. Bb3 Nc5 69. Qg8 Qf7 70. Qh8 Qe7 1/2-1/2

[Event "CAN-ch"]
[Site "Toronto CAN"]
[Date "1978.08.08"]
[Round "4"]
[White "Jauregui, Carlos"]
[Black "Nickoloff, Bryon"]
[Result "0-1"]
[WhiteElo "2365"]
[BlackElo "2280"]
[PlyCount "98"]
[EventDate "1978.??.??"]
[EventType "tourn"]
[EventRounds "15"]
[EventCountry "CAN"]

1. Nf3 Nf6 2. g3 d5 3. Bg2 e6 4. O-O Be7 5. d3 c5 6. Nc3 Nc6 7. Bf4 O-O 8. Ne5
Na5 9. e4 d4 10. Ne2 Ne8 11. Bd2 f6 12. Bxa5 Qxa5 13. Nc4 Qc7 14. a4 Nd6 15. b3
Nf7 16. Qd2 Bd7 17. Nf4 Rac8 18. Bh3 Ng5 19. Bg2 b6 20. Rfe1 Rce8 21. Ne2 e5
22. f4 Nf7 23. f5 Qb8 24. Reb1 Rc8 25. h4 Bd8 26. Kh2 a6 27. b4 b5 28. bxc5
Rxc5 29. c3 dxc3 30. Qe3 Qc8 31. axb5 axb5 32. Na3 Bb6 33. Nc2 Nh6 34. Bf3 Qb7
35. g4 Rd5 36. d4 exd4 37. Nexd4 Qc7+ 38. Kg2 Rd6 39. Rb4 Nf7 40. Be2 Ne5 41.
Ra3 Rc8 42. Kh3 Qc5 43. Qc1 Nc4 44. Bxc4+ bxc4 45. Rxb6 Qxb6 46. Qe3 Qc5 47.
Rxc3 Ba4 48. Ne6 Qxe3+ 49. Nxe3 Rd3 0-1

[Event "CAN-ch"]
[Site "Toronto CAN"]
[Date "1978.08.09"]
[Round "5"]
[White "Nickoloff, Bryon"]
[Black "Spraggett, Kevin"]
[Result "1/2-1/2"]
[WhiteElo "2280"]
[BlackElo "2450"]
[PlyCount "72"]
[EventDate "1978.??.??"]
[EventType "tourn"]
[EventRounds "15"]
[EventCountry "CAN"]

1. Nf3 c5 2. c4 Nf6 3. Nc3 Nc6 4. d4 cxd4 5. Nxd4 e6 6. g3 Qb6 7. Nb3 Bb4 8.
Bg2 Qa6 9. Nd2 Bxc3 10. bxc3 O-O 11. O-O d5 12. Qb3 Na5 13. Qa3 b6 14. cxd5
exd5 15. c4 Nxc4 16. Nxc4 Qxc4 17. Bb2 Ne4 18. Qd3 Ba6 19. Qe3 Qxe2 20. Qd4 Nf6
21. Rfe1 Qc4 22. Qd2 Qc6 23. Re5 Rad8 24. Rc1 Qd6 25. Qd4 Bc4 26. g4 Rfe8 27.
Rg5 h6 28. Rf5 Re2 29. Bf3 Re6 30. g5 hxg5 31. Rxg5 Rde8 32. Kg2 b5 33. Qh4 Bd3
34. Rg3 Bg6 35. Bxf6 Rxf6 36. Rh3 Kf8 1/2-1/2

[Event "CAN-ch"]
[Site "Toronto CAN"]
[Date "1978.08.10"]
[Round "6"]
[White "Biyiasas, Peter"]
[Black "Nickoloff, Bryon"]
[Result "1/2-1/2"]
[WhiteElo "2450"]
[BlackElo "2280"]
[PlyCount "63"]
[EventDate "1978.??.??"]
[EventType "tourn"]
[EventRounds "15"]
[EventCountry "CAN"]

1. g3 Nf6 2. Bg2 d5 3. Nf3 e6 4. O-O Be7 5. d3 b6 6. Nbd2 Bb7 7. e4 dxe4 8.
dxe4 O-O 9. e5 Nfd7 10. Re1 a5 11. Nf1 Nc5 12. Qe2 Nc6 13. Rd1 Qe8 14. Bf4 Rd8
15. Ne3 Nb4 16. h4 Rxd1+ 17. Rxd1 Qa8 18. Bg5 Bxg5 19. hxg5 Rd8 20. a3 Nd5 21.
Nxd5 Rxd5 22. Nd4 Rd7 23. Bxb7 Qd8 24. Bc6 Rxd4 25. Rxd4 Qxd4 26. b4 axb4 27.
axb4 Nd7 28. Bxd7 Qxd7 29. Qe4 g6 30. Kg2 Qd2 31. Qc4 c6 32. Qxc6 1/2-1/2

[Event "CAN-ch"]
[Site "Toronto CAN"]
[Date "1978.08.13"]
[Round "9"]
[White "Nickoloff, Bryon"]
[Black "Krotki, Jan"]
[Result "0-1"]
[WhiteElo "2280"]
[BlackElo "2200"]
[PlyCount "142"]
[EventDate "1978.??.??"]
[EventType "tourn"]
[EventRounds "15"]
[EventCountry "CAN"]

1. Nf3 Nf6 2. c4 g6 3. Nc3 Bg7 4. e4 d6 5. d4 O-O 6. Be2 e5 7. O-O Nbd7 8. Re1
c6 9. Bf1 Ng4 10. Bg5 f6 11. Bc1 exd4 12. Nxd4 f5 13. h3 Nxf2 14. Kxf2 Qb6 15.
Nce2 fxe4+ 16. Kg1 Ne5 17. Qb3 Nd3 18. Be3 Nxe1 19. Rxe1 Qxb3 20. axb3 Bd7 21.
Nc3 Rae8 22. Nde2 a6 23. g3 b5 24. Bg2 b4 25. Na4 c5 26. Nb6 Bc6 27. Rd1 Rf3
28. Bc1 Rd3 29. Rd2 Rxd2 30. Bxd2 Bxb2 31. Nf4 Bd4+ 32. Kh2 a5 33. Ne2 e3 34.
Be1 Bxg2 35. Kxg2 Rb8 36. Na4 d5 37. cxd5 Rd8 38. Nb6 Rb8 39. Na4 Rd8 40. Nb6
Rd6 41. Nc4 Rxd5 42. Nxa5 Bf6 43. g4 Rd3 44. Bg3 Bd8 45. Nc4 Rxb3 46. Bd6 Rb1
47. Bxc5 Bf6 48. Bxe3 b3 49. g5 Bg7 50. Kf3 b2 51. Nxb2 Bxb2 52. Bf4 Kf7 53. h4
Ke6 54. Kg4 Be5 55. h5 Rb4 56. hxg6 hxg6 57. Kf3 Bxf4 58. Nxf4+ Kf5 59. Nh3
Rb3+ 60. Kg2 Kg4 61. Nf2+ Kxg5 62. Ne4+ Kf4 63. Nc5 Rc3 64. Ne6+ Kg4 65. Nd4
Rd3 66. Nc6 Rd2+ 67. Kf1 g5 68. Ne5+ Kg3 69. Nc4 Ra2 70. Nd6 g4 71. Ne4+ Kh2
0-1

[Event "CAN-ch"]
[Site "Toronto CAN"]
[Date "1978.08.15"]
[Round "10"]
[White "South, Robert"]
[Black "Nickoloff, Bryon"]
[Result "1-0"]
[WhiteElo "2200"]
[BlackElo "2280"]
[PlyCount "31"]
[EventDate "1978.??.??"]
[EventType "tourn"]
[EventRounds "15"]
[EventCountry "CAN"]

1. e4 c5 2. Nf3 g6 3. c3 Bg7 4. d4 cxd4 5. cxd4 Nf6 6. e5 Nd5 7. h4 d6 8. h5
Nc6 9. h6 Bf8 10. Bc4 dxe5 11. dxe5 Qa5+ 12. Bd2 Qc5 13. Qb3 Be6 14. Nc3 Nf4
15. Bxe6 Nxe6 16. Na4 1-0

[Event "CAN-ch"]
[Site "Toronto CAN"]
[Date "1978.08.16"]
[Round "11"]
[White "Nickoloff, Bryon"]
[Black "Berry, Jonathan"]
[Result "1-0"]
[WhiteElo "2280"]
[BlackElo "2320"]
[PlyCount "71"]
[EventDate "1978.??.??"]
[EventType "tourn"]
[EventRounds "15"]
[EventCountry "CAN"]

1. Nf3 g6 2. g3 Bg7 3. Bg2 c5 4. O-O Nc6 5. d3 d6 6. c4 Nh6 7. Nc3 Nf5 8. Bd2
Rb8 9. Rb1 a6 10. a4 h5 11. h3 Bd7 12. Ne1 Qc8 13. e3 Nb4 14. Qb3 Be5 15. d4
cxd4 16. Qxb4 dxe3 17. Nd3 exd2 18. Nxe5 dxe5 19. Nd5 b5 20. cxb5 axb5 21. a5
Nd6 22. Rfd1 Bxh3 23. Qh4 g5 24. Qxh3 Qxh3 25. Bxh3 e6 26. Nb4 Nc4 27. a6 Rd8
28. b3 Nb6 29. Bf1 h4 30. Bxb5+ Kf8 31. Rb2 hxg3 32. fxg3 Nd5 33. Rbxd2 Rh3 34.
Kg2 g4 35. Nxd5 exd5 36. Rxd5 1-0

[Event "CAN-ch"]
[Site "Toronto CAN"]
[Date "1978.08.17"]
[Round "12"]
[White "Day, Lawrence"]
[Black "Nickoloff, Bryon"]
[Result "1/2-1/2"]
[WhiteElo "2350"]
[BlackElo "2280"]
[PlyCount "93"]
[EventDate "1978.??.??"]
[EventType "tourn"]
[EventRounds "15"]
[EventCountry "CAN"]

1. e4 e5 2. Nf3 Nc6 3. c3 Nf6 4. d3 Be7 5. b4 a6 6. Nbd2 O-O 7. a3 Re8 8. Bb2
Bf8 9. Qc2 g6 10. g3 Bg7 11. Bg2 d5 12. O-O h6 13. Rfe1 dxe4 14. dxe4 Be6 15.
Rad1 Nd7 16. Nf1 Ne7 17. Ne3 c6 18. c4 Qc7 19. c5 b5 20. cxb6 Nxb6 21. Rc1 Rec8
22. Nd5 Nbxd5 23. exd5 Bxd5 24. Bxe5 Bxe5 25. Nxe5 Bxg2 26. Kxg2 Qd6 27. Nc4
Qd8 28. Qe4 Nd5 29. Na5 Qd6 30. Red1 Re8 31. Qd3 Rad8 32. Kg1 Qf6 33. Rxc6 Nf4
34. Rxf6 Rxd3 35. Rb1 Ne2+ 36. Kf1 Nc3 37. Rb3 g5 38. h3 Kg7 39. Rc6 Rd1+ 40.
Kg2 Nb5 41. Re3 Rxe3 42. fxe3 Nxa3 43. Nb3 Nb5 44. Nc5 Rb1 45. Nxa6 Rb3 46. Rc5
Nc3 47. Re5 1/2-1/2

[Event "CAN-ch"]
[Site "Toronto CAN"]
[Date "1978.08.18"]
[Round "13"]
[White "Nickoloff, Bryon"]
[Black "Kirton, Neil"]
[Result "1/2-1/2"]
[WhiteElo "2280"]
[BlackElo "2200"]
[PlyCount "80"]
[EventDate "1978.??.??"]
[EventType "tourn"]
[EventRounds "15"]
[EventCountry "CAN"]

1. Nf3 Nf6 2. c4 c6 3. g3 d5 4. b3 dxc4 5. bxc4 e5 6. Bb2 e4 7. Nd4 Na6 8. Bg2
Nc5 9. h3 Bd6 10. O-O O-O 11. Nb3 Qe7 12. Nxc5 Bxc5 13. Qc1 Nh5 14. Qc3 f5 15.
e3 Bb4 16. Qb3 Be6 17. d4 b5 18. Qd1 Nf6 19. a3 Bd6 20. d5 cxd5 21. cxb5 Rfb8
22. a4 a6 23. Nc3 Be5 24. Qd2 Bxc3 25. Qxc3 axb5 26. axb5 Rxa1 27. Rxa1 Rxb5
28. Bf1 Rb8 29. Ra6 Kf7 30. Qe5 Re8 31. Qd4 Kg6 32. Ra7 Qd8 33. Qb4 Rf8 34. Qc5
Rf7 35. Ra6 Bc8 36. Ra8 Rc7 37. Qb6 Qe7 38. Ba3 Qf7 39. Qb2 Qe6 40. Ra5 Rb7
1/2-1/2

[Event "CAN-ch"]
[Site "Toronto CAN"]
[Date "1978.08.19"]
[Round "14"]
[White "Harper, Bruce"]
[Black "Nickoloff, Bryon"]
[Result "1-0"]
[WhiteElo "2365"]
[BlackElo "2280"]
[PlyCount "73"]
[EventDate "1978.??.??"]
[EventType "tourn"]
[EventRounds "15"]
[EventCountry "CAN"]

1. Nf3 c5 2. c4 Nf6 3. g3 b6 4. Bg2 Bb7 5. O-O e6 6. Nc3 Be7 7. d4 cxd4 8. Qxd4
d6 9. Rd1 a6 10. Ng5 Nc6 11. Qf4 Qc7 12. b3 O-O 13. Bb2 Rad8 14. Nce4 Ne8 15.
Rac1 h6 16. Nf3 f5 17. Nc3 Ne5 18. Qd2 Qc6 19. Ne1 Qc8 20. Na4 Qc7 21. Qe3 Bxg2
22. Nxg2 Rb8 23. f4 Nc6 24. Qxe6+ Kh7 25. Nc3 Qa7 26. Nd5 Bd8 27. Qe3 Nc7 28.
Qd2 Ne6 29. e4 Qf7 30. exf5 Nc5 31. g4 h5 32. h3 Ne4 33. Qc2 Re8 34. Re1 Nc5
35. f6+ Kg8 36. fxg7 hxg4 37. hxg4 1-0

[Event "Toronto"]
[Site "Toronto CAN"]
[Date "1978.??.??"]
[Round "?"]
[White "Stoll, Drew"]
[Black "Nickoloff, Bryon"]
[Result "0-1"]
[WhiteElo "2078"]
[BlackElo "2341"]
[PlyCount "56"]
[EventDate "1978.??.??"]
[EventCountry "CAN"]

1. d4 Nf6 2. c4 c5 3. d5 e6 4. Nc3 exd5 5. cxd5 d6 6. Nf3 g6 7. g3 Bg7 8. Bg2
O-O 9. O-O a6 10. a4 Re8 11. Nd2 Nbd7 12. h3 Qc7 13. Nc4 Ne5 14. Na3 Rb8 15.
Be3 Bd7 16. Bg5 b5 17. Bxf6 Bxf6 18. f4 Nc4 19. Nxc4 bxc4 20. Qc2 Qb6 21. Rfb1
Re3 22. Kh2 Rbe8 23. Ne4 Bd4 24. a5 Qc7 25. g4 Qd8 26. Bf3 R8xe4 27. Bxe4 Qh4
28. Bf3 Qf2+ 0-1

[Event "Simcoe Day op"]
[Site "Toronto CAN"]
[Date "1977.08.??"]
[Round "6"]
[White "Nickoloff, Bryon"]
[Black "Lavin, David"]
[Result "1-0"]
[WhiteElo "2307"]
[BlackElo "2034"]
[PlyCount "43"]
[EventDate "1977.08.??"]
[EventType "swiss"]
[EventRounds "6"]
[EventCountry "CAN"]

1. e4 c5 2. Nf3 d6 3. Bb5+ Nd7 4. O-O Ngf6 5. Re1 e6 6. c3 Be7 7. d4 O-O 8.
Nbd2 cxd4 9. cxd4 e5 10. Nc4 exd4 11. Qxd4 Nc5 12. e5 dxe5 13. Ncxe5 Be6 14.
Bg5 Qb6 15. Bc4 Rfd8 16. Qh4 h6 17. Nxf7 Kxf7 18. b4 Qxb4 19. Bxf6 Qxc4 20.
Ne5+ Kg8 21. Qxc4 gxf6 22. Qh4 1-0

[Event "Toronto op"]
[Site "Toronto CAN"]
[Date "1977.04.10"]
[Round "6"]
[White "Day, Lawrence"]
[Black "Nickoloff, Bryon"]
[Result "1-0"]
[WhiteElo "2384"]
[BlackElo "2311"]
[PlyCount "102"]
[EventDate "1977.04.08"]
[EventType "swiss"]
[EventRounds "6"]
[EventCountry "CAN"]

1. Nf3 Nf6 2. g3 b6 3. Bg2 Bb7 4. O-O e6 5. c4 c5 6. Nc3 Be7 7. d4 cxd4 8. Qxd4
Nc6 9. Qf4 O-O 10. Rd1 a6 11. e4 d6 12. b3 Qc7 13. Bb2 Ne5 14. Nd4 Rac8 15. Qe3
Ned7 16. Rac1 Nc5 17. Re1 Ng4 18. Qe2 Ne5 19. Rcd1 Rfd8 20. f4 Nc6 21. Nxc6
Bxc6 22. Nd5 exd5 23. exd5 Bd7 24. Qxe7 f6 25. Qe2 Re8 26. Qf1 Bf5 27. Rxe8+
Rxe8 28. Re1 Qd7 29. Bd4 Kf7 30. b4 Bd3 31. Qf2 Na4 32. Bf1 Rxe1 33. Qxe1 Bxf1
34. Kxf1 b5 35. Qe2 Qc8 36. cxb5 axb5 37. Qxb5 Qc1+ 38. Kg2 Qd2+ 39. Bf2 Nc3
40. Qd7+ Kg6 41. Qg4+ Kh6 42. Qh4+ Kg6 43. Qg4+ Kh6 44. f5 g5 45. Qd4 Qc2 46.
Qxf6+ Kh5 47. Qf7+ Kh6 48. Qe6+ Kh5 49. h3 g4 50. Qf7+ Kh6 51. Qf6+ Kh5 1-0

[Event "Winter op"]
[Site "Toronto CAN"]
[Date "1977.02.20"]
[Round "5"]
[White "Nickoloff, Bryon"]
[Black "Day, Lawrence"]
[Result "0-1"]
[WhiteElo "2311"]
[BlackElo "2396"]
[PlyCount "102"]
[EventDate "1977.02.18"]
[EventType "swiss"]
[EventRounds "5"]
[EventCountry "CAN"]

1. e4 c5 2. Nf3 Nc6 3. d4 cxd4 4. Nxd4 Nf6 5. Nc3 e5 6. Ndb5 d6 7. Bg5 a6 8.
Na3 b5 9. Nab1 Be7 10. Bxf6 Bxf6 11. a4 b4 12. Nd5 Bg5 13. Nd2 O-O 14. Nc4 Ra7
15. h4 Bh6 16. g4 Bf4 17. Be2 Be6 18. c3 bxc3 19. bxc3 Na5 20. Nxf4 exf4 21.
Qd4 Re7 22. Nxa5 Qxa5 23. O-O d5 24. Bf3 dxe4 25. Qxe4 Bxg4 26. Qxe7 Bxf3 27.
Rfe1 Qh5 28. Qg5 Qxg5+ 29. hxg5 h6 30. Re5 hxg5 31. Rae1 Bc6 32. Rxg5 g6 33.
Rg4 Kg7 34. Rxf4 g5 35. Rg4 Kf6 36. f3 Bxf3 37. Rf1 Kf5 38. Rxg5+ Kxg5 39. Rxf3
f5 40. Rd3 Rf6 41. Rd5 Rc6 42. Ra5 Kf4 43. Kf2 Ke4 44. Ke2 Rh6 45. Rc5 Rh2+ 46.
Kf1 f4 47. Rc7 Kf3 48. Kg1 Ra2 49. Rh7 Ra1+ 50. Kh2 Rxa4 51. Rh3+ Kf2 0-1

[Event "Toronto ch"]
[Site "Toronto CAN"]
[Date "1977.02.??"]
[Round "?"]
[White "Day, Lawrence"]
[Black "Nickoloff, Bryon"]
[Result "0-1"]
[WhiteElo "2388"]
[BlackElo "2250"]
[PlyCount "60"]
[EventDate "1977.02.??"]
[EventType "tourn"]
[EventRounds "11"]
[EventCountry "CAN"]

1. e4 c5 2. Nc3 Nc6 3. g3 g6 4. Bg2 Bg7 5. d3 d6 6. Nh3 Nf6 7. O-O Rb8 8. f4
Bg4 9. Qd2 Nd4 10. Kh1 h5 11. Ng5 h4 12. gxh4 Rxh4 13. Qf2 Rh8 14. e5 Nh5 15.
Be3 Nf5 16. Kg1 dxe5 17. fxe5 Bxe5 18. Bxc5 Qc7 19. Bd5 Nf4 20. Bxf7+ Kd7 21.
Rae1 Rxh2 22. Qxh2 Qxc5+ 23. d4 Bxd4+ 24. Rf2 Rh8 25. Qxf4 Bxf2+ 26. Kg2 Nh4+
27. Kf1 Bxe1 28. Qxg4+ Nf5 29. Kxe1 Rh1+ 30. Ke2 Qe3# 0-1

[Event "Toronto ch"]
[Site "Toronto CAN"]
[Date "1977.??.??"]
[Round "?"]
[White "Nickoloff, Bryon"]
[Black "MacLeod, David"]
[Result "0-1"]
[WhiteElo "2250"]
[BlackElo "2129"]
[PlyCount "142"]
[EventDate "1977.02.??"]
[EventType "tourn"]
[EventRounds "11"]
[EventCountry "CAN"]

1. d4 d5 2. c4 e6 3. Nc3 Nf6 4. Nf3 Nbd7 5. Bg5 c6 6. e3 Qa5 7. Nd2 Bb4 8. Qc2
O-O 9. Bh4 Re8 10. Bd3 e5 11. dxe5 Rxe5 12. O-O Rh5 13. Bg3 Nc5 14. Be2 Bf5 15.
Qd1 Rh6 16. Nb3 Nxb3 17. Qxb3 Be6 18. a3 Bxc3 19. Qxb7 Rf8 20. Bc7 Qc5 21. bxc3
dxc4 22. Qb4 Qf5 23. Rac1 Nd5 24. Qb7 Qg5 25. Rfe1 Qe7 26. Qxa7 Qxc7 27. Qxc7
Nxc7 28. a4 Ra8 29. Red1 g5 30. Ra1 Kg7 31. Rd4 Ra6 32. e4 Rf6 33. Kf1 c5 34.
Rdd1 Na8 35. Rd8 Nb6 36. a5 Nd7 37. Rc8 Rh6 38. Kg1 Kf6 39. h3 Ke7 40. f3 Rg6
41. Kf2 Rg7 42. Ke3 h5 43. Rh8 h4 44. Rc8 f6 45. Ra4 Rg8 46. Rxg8 Bxg8 47. f4
Nb8 48. Bxc4 Bxc4 49. Rxc4 Rxa5 50. e5 Nd7 51. exf6+ Kxf6 52. fxg5+ Kxg5 53.
Rg4+ Kh5 54. g3 hxg3 55. Rxg3 Nf6 56. Kd3 Nd7 57. Rg1 Kh4 58. Rb1 Ra7 59. Kc4
Kxh3 60. Kd5 Kg2 61. Re1 Kf2 62. Re6 Ra3 63. Kc4 Ra1 64. Rd6 Ra7 65. Re6 Kf3
66. Kd5 Kf4 67. Kd6 c4 68. Kd5 Ne5 69. Rf6+ Ke3 70. Kxe5 Ra5+ 71. Kd6 Ra6+ 0-1

[Event "Toronto ch"]
[Site "Toronto CAN"]
[Date "1977.02.??"]
[Round "?"]
[White "Nickoloff, Bryon"]
[Black "Vranesic, Zvonko"]
[Result "1-0"]
[WhiteElo "2250"]
[BlackElo "2303"]
[PlyCount "57"]
[EventDate "1977.02.??"]
[EventType "tourn"]
[EventRounds "11"]
[EventCountry "CAN"]

1. e4 c5 2. Nf3 e6 3. b4 cxb4 4. d4 Nf6 5. Bd3 Nc6 6. Nbd2 Qc7 7. O-O Be7 8.
Re1 d6 9. Nf1 Bd7 10. Ng3 h6 11. Bb2 Na5 12. Qe2 Rc8 13. Nd2 a6 14. Rac1 b5 15.
c3 bxc3 16. Rxc3 Qb6 17. Rxc8+ Bxc8 18. e5 Nd5 19. Qg4 Nc4 20. Qxg7 Rf8 21.
Bxc4 bxc4 22. Nxc4 Qb4 23. Rc1 Nf4 24. Ba3 Qb7 25. f3 Nd3 26. exd6 Bg5 27. d7+
Kxd7 28. Qxf8 Nxc1 29. Ne5+ 1-0

[Event "Lone Pine"]
[Site "Lone Pine USA"]
[Date "1977.??.??"]
[Round "1"]
[White "Peters, John"]
[Black "Nickoloff, Bryon"]
[Result "1-0"]
[WhiteElo "2370"]
[BlackElo "2200"]
[PlyCount "83"]
[EventDate "1977.??.??"]
[EventType "swiss"]
[EventRounds "9"]
[EventCountry "USA"]

1. e4 c5 2. Nf3 e6 3. d4 cxd4 4. Nxd4 Nf6 5. Nc3 Nc6 6. Ndb5 d6 7. Bf4 e5 8.
Bg5 a6 9. Na3 b5 10. Bxf6 gxf6 11. Nd5 f5 12. exf5 Bxf5 13. Bd3 Be6 14. Be4 Bg7
15. Qh5 Ra7 16. O-O Ne7 17. Rad1 Nxd5 18. Bxd5 Qc8 19. Qe2 Qc5 20. Qd3 Re7 21.
c4 e4 22. Qb3 O-O 23. cxb5 Rb8 24. Bxe6 fxe6 25. Qg3 Rd8 26. Rfe1 axb5 27. Rxe4
d5 28. b4 Qa7 29. Re2 Qa4 30. Nc2 Qxa2 31. Nd4 Qa4 32. Rde1 Qxb4 33. Nc6 Qd6
34. Qxd6 Rxd6 35. Nxe7+ Kf7 36. Nc8 Ra6 37. Rc2 b4 38. Rc7+ Kg6 39. Rc6 Rxc6
40. Ne7+ Kf7 41. Nxc6 b3 42. Ne5+ 1-0

[Event "Lone Pine"]
[Site "Lone Pine USA"]
[Date "1977.??.??"]
[Round "2"]
[White "Strauss, David"]
[Black "Nickoloff, Bryon"]
[Result "0-1"]
[WhiteElo "2260"]
[BlackElo "2200"]
[PlyCount "76"]
[EventDate "1977.??.??"]
[EventType "swiss"]
[EventRounds "9"]
[EventCountry "USA"]

1. e4 c5 2. d3 Nc6 3. Nc3 g6 4. g3 Bg7 5. Bg2 d6 6. f4 e6 7. Nf3 Nge7 8. O-O b6
9. Be3 Nd4 10. Rb1 Bb7 11. Ne2 Nxe2+ 12. Qxe2 d5 13. Bf2 Qc7 14. c3 Rc8 15. e5
h6 16. Rbe1 h5 17. h3 Bh6 18. Ng5 Nc6 19. Be3 Rd8 20. f5 gxf5 21. Qxh5 Qe7 22.
h4 Bg7 23. Nh7 Qf8 24. c4 Qg8 25. cxd5 Rxh7 26. Qg5 exd5 27. Rxf5 Ne7 28. Rf6
Bc8 29. Rd6 Be6 30. b4 Bh6 31. Qf6 Qxg3 32. Bf2 Qg4 33. Kf1 Rg7 34. Bf3 Qh3+
35. Ke2 Bg4 36. bxc5 Rg6 37. Qh8+ Ng8 38. Rxg6 Bxf3# 0-1

[Event "Lone Pine"]
[Site "Lone Pine USA"]
[Date "1977.??.??"]
[Round "6"]
[White "Nickoloff, Bryon"]
[Black "Goodman, David"]
[Result "1/2-1/2"]
[WhiteElo "2200"]
[BlackElo "2340"]
[PlyCount "96"]
[EventDate "1977.??.??"]
[EventType "swiss"]
[EventRounds "9"]
[EventCountry "USA"]

1. d4 g6 2. e4 d6 3. Nf3 Bg7 4. Nc3 Nf6 5. Be2 O-O 6. O-O Nc6 7. d5 Nb4 8. Be3
e6 9. Qd2 Re8 10. Bg5 exd5 11. exd5 Bf5 12. a3 Na6 13. Nd4 Qc8 14. f3 Bd7 15.
Bc4 Nc5 16. Rad1 a6 17. Nde2 b5 18. Ba2 a5 19. Ng3 b4 20. Qf4 bxc3 21. Bxf6
Bxf6 22. Qxf6 cxb2 23. Qxb2 Qd8 24. Qc3 a4 25. Rde1 f5 26. Ne2 Bb5 27. Bc4 Bxc4
28. Qxc4 Qe7 29. Nd4 Qxe1 30. Rxe1 Rxe1+ 31. Kf2 Re7 32. Nc6 Rf7 33. Qe2 Kf8
34. Qc4 Re8 35. h4 h5 36. Nd4 Rfe7 37. Kg3 Re3 38. Kf4 R3e7 39. Kg5 Kf7 40. Nc6
Re2 41. g3 Rg2 42. Kf4 Ne4 43. Nd8+ Rxd8 44. Qxc7+ Ke8 45. fxe4 fxe4 46. Kxe4
Rxg3 47. Qg7 Rg4+ 48. Kd3 Rd7 1/2-1/2

[Event "Lone Pine"]
[Site "Lone Pine USA"]
[Date "1977.??.??"]
[Round "7"]
[White "Dake, Arthur"]
[Black "Nickoloff, Bryon"]
[Result "1/2-1/2"]
[WhiteElo "2365"]
[BlackElo "2200"]
[PlyCount "116"]
[EventDate "1977.??.??"]
[EventType "swiss"]
[EventRounds "9"]
[EventCountry "USA"]

1. c4 Nf6 2. Nc3 e6 3. d4 Bb4 4. e3 b6 5. Nge2 Bb7 6. a3 Be7 7. d5 d6 8. e4 c5
9. Ng3 h5 10. Bd3 h4 11. Nge2 e5 12. f3 Nh5 13. g4 Nf6 14. Bc2 Nh7 15. Ba4+ Nd7
16. f4 exf4 17. Bxf4 O-O 18. O-O Ne5 19. Bxe5 dxe5 20. Qd3 Qd6 21. Kh1 a6 22.
Ng1 g6 23. Nf3 Kg7 24. Rg1 Ng5 25. Nxg5 Bxg5 26. Raf1 Rad8 27. Rf3 Qe7 28. h3
Rd6 29. Rgf1 Rc8 30. Qc2 Rc7 31. R1f2 Rf6 32. Rxf6 Bxf6 33. Qb3 Qd6 34. Rf3 Be7
35. Be8 Bd8 36. Bc6 Bxc6 37. Qxb6 Qd7 38. dxc6 Rxc6 39. Qb3 Qd4 40. Qc2 Qxc4
41. b3 Qe6 42. Nd5 c4 43. bxc4 Qd6 44. Qe2 Qd7 45. c5 Bg5 46. Qb2 Qe6 47. Qc2
Be7 48. Rc3 a5 49. Qf2 Bg5 50. Rb3 f5 51. Rb7+ Kh6 52. Rb6 Rxb6 53. cxb6 fxe4
54. Qf8+ Kh7 55. Qc5 e3 56. Nxe3 Qb3 57. Qc7+ Kh6 58. Qxe5 Bxe3 1/2-1/2

[Event "Lone Pine"]
[Site "Lone Pine USA"]
[Date "1977.??.??"]
[Round "8"]
[White "Nickoloff, Bryon"]
[Black "McCambridge, Vincent"]
[Result "1/2-1/2"]
[WhiteElo "2200"]
[BlackElo "2200"]
[PlyCount "64"]
[EventDate "1977.??.??"]
[EventType "swiss"]
[EventRounds "9"]
[EventCountry "USA"]

1. d4 Nf6 2. c4 c5 3. d5 e5 4. Nc3 d6 5. e4 Be7 6. h3 O-O 7. Nf3 a6 8. Bd3 Nbd7
9. Qc2 Rb8 10. a4 Ne8 11. g4 g6 12. Bh6 Ng7 13. a5 b6 14. axb6 Qxb6 15. Rb1 Nf6
16. Ne2 Kh8 17. Ng3 Bd7 18. O-O Qb7 19. Nh2 Ng8 20. Bd2 Bh4 21. Nf3 Be7 22. b4
cxb4 23. Rxb4 Qc7 24. Rxb8 Rxb8 25. Bc3 Nf6 26. Qc1 Be8 27. Qh6 Bf8 28. Rc1 Ne6
29. Qe3 Nc5 30. Bf1 Bg7 31. Nd2 Kg8 32. Rc2 Nfd7 1/2-1/2

[Event "Lone Pine"]
[Site "Lone Pine USA"]
[Date "1977.??.??"]
[Round "9"]
[White "Tisdall, Jonathan"]
[Black "Nickoloff, Bryon"]
[Result "1-0"]
[WhiteElo "2375"]
[BlackElo "2200"]
[PlyCount "71"]
[EventDate "1977.??.??"]
[EventType "swiss"]
[EventRounds "9"]
[EventCountry "USA"]

1. Nf3 Nf6 2. d4 c5 3. d5 b5 4. c4 Bb7 5. a4 bxc4 6. Nc3 g6 7. e4 d6 8. Nd2 Bg7
9. Nxc4 O-O 10. Be2 Na6 11. O-O Nb4 12. Bg5 Rb8 13. Kh1 Qd7 14. Qd2 Rfd8 15. f4
e6 16. e5 dxe5 17. fxe5 Nfxd5 18. Bxd8 Rxd8 19. Ne4 Qe7 20. Qg5 Qxg5 21. Nxg5
Rd7 22. Ne4 Nc2 23. Rad1 Rc7 24. Rd2 Ncb4 25. Nf6+ Bxf6 26. exf6 Nc6 27. Nd6
Ba8 28. Bf3 Nd4 29. Nb5 Nxf3 30. Rxd5 Rc8 31. Nxa7 Rb8 32. Rxc5 Nh4 33. Nc6
Bxc6 34. Rxc6 h5 35. Rc2 Nf5 36. Ra1 1-0